| 000 | 00394nam a2200169Ia 4500 | ||
|---|---|---|---|
| 005 | 20250423100135.0 | ||
| 008 | 250422s9999 xx 000 0 und d | ||
| 020 | _a9781607144373 | ||
| 050 | _aR 838.5 .B663 | ||
| 100 | _aBosworth, Stefan. | ||
| 245 | 0 | _aMCAT : verbal reasoning review note | |
| 260 | _aNew York | ||
| 260 | _bKaplan | ||
| 260 | _c2009 | ||
| 300 | _a314 p | ||
| 942 | _cBK | ||
| 999 |
_c32402 _d32402 |
||